| 000 | 01285nam a2200349 a 4500 | ||
|---|---|---|---|
| 001 | 000113252 | ||
| 003 | CHAP | ||
| 005 | 20220329144346.0 | ||
| 008 | 170524s2016 mx a fsm |||||||spa d | ||
| 010 | _a109713 | ||
| 011 | _a110685 | ||
| 040 | _cCHAP | ||
| 090 | _aTesis | ||
| 100 | 1 |
_aAmaya Zárate, Silvano _9132356 |
|
| 245 | 1 | 0 |
_aDiseño de un sifón invertido para cruzar un arroyo en un canal principal / _h[En línea] _cpor Silvano Amaya Zárate. |
| 260 |
_aChapingo, Méx. : _bEl autor, _c2016. |
||
| 500 | _aPara ver el contenido del material haga clic en la liga | ||
| 502 | _aTesis (Ing. en Irrigación) -- UACH. Departamento de Irrigación | ||
| 590 |
_aBATCH _b00 _c20181121 _lUCH01 _h0758 |
||
| 590 |
_aE8697GMM _b05 _c20170524 _lUCH01 _h1153 |
||
| 590 |
_aE8697GMM _b05 _c20170524 _lUCH01 _h1348 |
||
| 590 |
_aE8697GMM _b05 _c20170524 _lUCH01 _h1348 |
||
| 650 | 1 | 4 |
_aAgua _xAbastecimiento. _92223 |
| 650 | 1 | 4 |
_aCanales (Igeniería hidráulica) _xDiseño y construcción. _9132358 |
| 650 | 1 | 4 |
_aCanales (Ingeniería hidráulica) _xCostos de fabricación. _9132357 |
| 650 | 1 | 4 |
_aConcreto _xConstrucciones. _926304 |
| 856 |
_a1 _n0000335 |
||
| 856 |
_aFinding aid _uhttp://10.13.5.2/tesis/sist113252.pdf _zTeclea aquí |
||
| 901 | _aBK | ||
| 942 | _cTESIS | ||
| 942 | _n0 | ||
| 999 |
_c109713 _d109713 |
||